Missing Word: Star Trek Characters Quiz Stats

 Plays Quiz Updated Nov 27, 2015

Challenge
Share
Tweet
Embed
Score 0/20 Timer 03:00
0 Plays Today
Hint Answer % Correct
Jean-Luc ________Picard
95.4%
James T. ________Kirk
89.9%
________ McCoyLeonard
74.3%
Wesley ________Crusher
71.6%
________ of NineSeven
70.4%
Deanna ________Troi
69.1%
________ LaForgeGeordi
66.1%
________ RikerWilliam
65.3%
Montgomery ________Scott
59.3%
Miles ________O'Brien
46.8%
Hint Answer % Correct
Jadzia ________Dax
43.9%
________ ChekovPavel
43.8%
Harry ________Kim
41.3%
________ SuluHikaru
40.7%
Jake ________Sisko
38.3%
________ TorresB'Elanna
37.7%
________ NerysKira
37.2%
________ BashirJulian
36.9%
________ SatoHoshi
22.9%
Malcolm ________Reed
20.8%

Today's Daily Dose

You're not logged in!

Compare scores with friends on all Sporcle quizzes.
Join for Free
OR
Log In

You Might Also Like...

Show Comments

Extras

Top Quizzes Today


Score Distribution

Your Account Isn't Verified!

In order to create a playlist on Sporcle, you need to verify the email address you used during registration. Go to your Sporcle Settings to finish the process.

Report this User

Report this user for behavior that violates our Community Guidelines.

Details: